banner-ar

STUDIES IN MODERN DRAMA: ANTONIN ARTAUD'S THEATRE (Record no. 19704)

MARC details
000 -الفاتح
حقل البيانات ثابتة الطول 00369nam a2200133Ia 4500
008 - عناصر البيانات ثابتة الطول - معلومات عامة
حقل البيانات ثابتة الطول 140319s9999 xx 000 0 eng d
040 ## - مصدر الفهرسة
وكالة الفهرسة الأصلية GCL /
وكالة النسخ GCL
082 04 - رقم تصنيف ديوى العشرى
رقم التصنيف 809.12
رقم المادة R Z
245 10 - بيان العنوان
العنوان STUDIES IN MODERN DRAMA: ANTONIN ARTAUD'S THEATRE
260 ## - PUBLICATION, DISTRIBUTION, ETC. (IMPRINT)
تاريخ النشر أو التوزيع 1975
300 ## - الوصف المادى
التعداد 210 P
490 ## - بيان السلسلة
عنوان السلسلة BEIRUT ARAB UNIVERSITY
رقم المجلد/ التعيين التسلسلي 0
260 ## - PUBLICATION, DISTRIBUTION, ETC. (IMPRINT)
-- [S.N] :
-- BEIRUT ARAB UNIVERSITY ،
Holdings
حالة التراجع حالة الفقد حالة تلف ليس للاعارة المكان المؤقت الموقع الحالى تاريخ الاكتساب اجمالي اﻻعارات رقم الطلب الباركود تاريخ اخر مشاهدة تاريخ تفعيل السعر نوع وعاء كوها
        مكتبة القاهرة الكبرى مكتبة القاهرة الكبرى 03/26/2014   809.12\R Z 37402 03/26/2014 03/26/2014 كتاب

Powered By

EGPV